000 00319nam a22001337a 4500
008 170602b xxu||||| |||| 00| 0 eng d
020 _a9780312404086
041 _aeng
080 _25TH
_a94(100)
100 _a17
101 _aSHH
245 _aPALESTINE AND THE ARAB-ISRAELI CONFLICT
_cSMITH,CH.D
942 _2udc
_cBK
999 _c15735
_d15735